<?xml version="1.0" encoding="UTF-8"?><?xml-stylesheet type="text/xsl" href="static/style.xsl"?><OAI-PMH xmlns="http://www.openarchives.org/OAI/2.0/" xmlns:xsi="http://www.w3.org/2001/XMLSchema-instance" xsi:schemaLocation="http://www.openarchives.org/OAI/2.0/ http://www.openarchives.org/OAI/2.0/OAI-PMH.xsd"><responseDate>2026-04-13T03:04:16Z</responseDate><request verb="GetRecord" identifier="oai:www.recercat.cat:2072/421528" metadataPrefix="marc">https://recercat.cat/oai/request</request><GetRecord><record><header><identifier>oai:recercat.cat:2072/421528</identifier><datestamp>2026-03-06T20:24:56Z</datestamp><setSpec>com_2072_98</setSpec><setSpec>col_2072_378196</setSpec></header><metadata><record xmlns="http://www.loc.gov/MARC21/slim" xmlns:dcterms="http://purl.org/dc/terms/" xmlns:xsi="http://www.w3.org/2001/XMLSchema-instance" xmlns:doc="http://www.lyncode.com/xoai" xsi:schemaLocation="http://www.loc.gov/MARC21/slim http://www.loc.gov/standards/marcxml/schema/MARC21slim.xsd">
   <leader>00925njm 22002777a 4500</leader>
   <datafield ind2=" " ind1=" " tag="042">
      <subfield code="a">dc</subfield>
   </datafield>
   <datafield ind2=" " ind1=" " tag="720">
      <subfield code="a">Quintana Schmidt, Cristian de</subfield>
      <subfield code="e">author</subfield>
   </datafield>
   <datafield ind2=" " ind1=" " tag="720">
      <subfield code="a">Universitat Autònoma de Barcelona. Departament de Medicina</subfield>
      <subfield code="e">author</subfield>
   </datafield>
   <datafield ind2=" " ind1=" " tag="720">
      <subfield code="a">Universitat Autònoma de Barcelona. Facultat de Medicina</subfield>
      <subfield code="e">author</subfield>
   </datafield>
   <datafield ind2=" " ind1=" " tag="260">
      <subfield code="c">2013</subfield>
   </datafield>
   <datafield ind2=" " ind1=" " tag="520">
      <subfield code="a">Estudio prospectivo sobre la realización de cirugía cerebral con el paciente despierto para la exéresis de lesiones cerebrales que afectan o se encuentran cerca de áreas elocuentes (área motora, sensitiva, del lenguaje y visual). El trabajo se centra en los grados de resección que se consiguen en esta clase de cirugía, metodología a seguir, tolerancia de los pacientes, evolución de la sintomatología tras la cirugía y complicaciones intra y postoperatorios.</subfield>
   </datafield>
   <datafield ind2=" " ind1=" " tag="520">
      <subfield code="a">Estudi prospectiu sobre la realització de cirurgia cerebral amb el pacient despert per l'exèresi de lesions cerebrals que afectin o es trobin a prop d'àrees eloqüents (àrea motora, sensitiva, del llenguatge i visual). El treball es centra en els graus de resecció que s'aconsegueixen amb aquesta classe de cirurgia, metodologia a seguir, tolerància del pacients, evolució de la simptomatologia després de la cirurgia i complicacions intra i postoperatòries.</subfield>
   </datafield>
   <datafield tag="653" ind2=" " ind1=" ">
      <subfield code="a">Cervell</subfield>
   </datafield>
   <datafield tag="653" ind2=" " ind1=" ">
      <subfield code="a">Tumors</subfield>
   </datafield>
   <datafield tag="653" ind2=" " ind1=" ">
      <subfield code="a">Ressonància magnètica</subfield>
   </datafield>
   <datafield ind2="0" ind1="0" tag="245">
      <subfield code="a">Mapeo cerebral en el paciente despierto en las resecciones de tumoraciones cerebrales supratentoriales. Metodología, eficacia y seguridad de la técnica</subfield>
   </datafield>
</record></metadata></record></GetRecord></OAI-PMH>